00388nam a2200133 a 450000500170000000800410001705000220005810000240008024500710010430000340017552100090020965000190021865000170023720140310183138.0020820s19uu xx 00 eng d aKF 889b.R68 1997 aRoszkowski, Mark E. aBusiness law :bprinciples cases and policy /cMark E. Roszkowski. a247 p. :bcol. ill. ;c28 cm. aBSBA aCommercial law aBusiness law